000 00504nam a2200145Ia 4500
008 151213s9999 xx 000 0 und d
100 _aJohn P. Brad by , Leo F. Daniels & Thomas C. Jones
245 _aThe International Encyclopedia Of Question
_cJohn P. Brad by , Leo F. Daniels & Thomas C. Jones
260 _aU S A
_bJ. G. Ferguson Publishing Com.
_c1997
300 _a3164 p.
650 _aEnglish
650 _aEnglish
700 _aJohn P. Brad by , Leo F. Daniels & Thomas C. Jones
999 _c2189
_d2189